000 00563nam a2200181Ia 4500
008 100917s9999 xx 000 0 und d
082 _b50124
100 _aभावे अनंत विष्णु
245 _aसम्मोहन विद्या
260 _bसंजय प्रकाशन
_c1978
300 _a202
365 _b20
520 _aअध्यात्म
630 _aसम्मोहन विद्या
650 _aअध्यात्म
730 _aसम्मोहन विद्या
942 _cBOOK
999 _c655518
_d655515